L'erede di Torrescura : racconto per fanciulli

Saved in:
Bibliographic Details
Main Author: Donini Buffa, Nelly (Author)
Other Authors: Gazzone, Enzo (Illustrator)
Format: Book
Language:Italian
Published: Torre Pellice : Claudiana, 1940
Edition:2. ed.
Textbook Catalogue:EDISCO:  Library Catalog Search Result
Textbook Classification:
Subjects:
Tags: Add Tag
No Tags, Be the first to tag this record!
Added to:2018-03-18
Changed in:2018-03-19

MARC

LEADER 00000nam a2200000 4500
003 OSt
005 20180319095530.0
008 180319s1940 it ||||| |||| 00| 0 ita d
999 |c 25539  |d 25539 
040 |c Polo Uto 
100 |9 794  |a Donini Buffa, Nelly  |e Author 
245 |a L'erede di Torrescura :  |b racconto per fanciulli /  |c di Nelly Donini-Buffa ; copertina e illustrazioni di Enzo Gazzone 
250 |a 2. ed. 
260 |a Torre Pellice :   |b Claudiana,   |c 1940 
300 |a 142 p., [8] carte di tav. : ill. ;  |c 22 cm 
650 |a Racconti  |9 4 
655 |a Libro di lettura  |9 22 
690 |a Secondaria inferiore  |9 320 
700 |9 795  |a Gazzone, Enzo  |e Illustrator 
942 |2 ddc 
999 |c edisco:25539  |d 25539